000 00681nam a2200229Ia 4500
003 OSt
005 20250508165337.0
008 220927b |||||||| |||| 00| 0 hin d
020 _a9788126722389
037 _cTextual
040 _aSDCL
_cSDCL
_bhin
041 _2hin
_ahin
084 _aY15:1.2'N4 Q2
100 _aGupta, Charu
_9410614
245 0 _aStreetva se Hindutva tak.
246 _aस्त्रीत्व से हिंदुत्व तक
260 _aNew Delhi :
_bRajkamal Prakashan,
_c2012.
300 _a286p
650 _aHindi
_9391598
942 _cTEXL
_2CC
_n0
999 _c726289
_d726289